00755nam a22001217a 4500008004100000040005500041080001400096245003400110260004300144500039900187650001600586700003100602230721b |||||||| |||| 00| 0 eng d aNational Science LibrarycNational Science Library a576.8(05) aAnnual review of microbiolgy  aPalo Alto: bAnnual Review Inc, c1983 aVol. 24 (Annual review of microbiolgy) ix, 624p. Vol. 33 (Annual review of microbiolgy) , 701p. Vol. 20 (Annual review of microbiolgy) vii, 557p. Vol. 37 (Annual review of microbiolgy) viii, 676p. Vol. 38 (Annual review of microbiolgy) x, 613p. Vol. 18 (Annual review of microbiolgy) vii, 394p. Vol. 22 (Annual review of microbiolgy) vii, 596p. Vol. 40 (Annual review of microbiolgy) x, 712p.  aBiological  aOrnston, L Nicholas (Ed.)